Kontrola fúzií.

Skúmanie problému, do akej miery môže nadobúdanie akcií podliehať kontrole Protimonopolného úradu SR v rámci privatizácie a aktivity IPF a investičných spoločností. Fúzia z hľadiska legislatívy. Kontrola a strata nezávislosti podniku, kto kontroluje. Hranice podielu. Užitočná konzultácia s PÚ SR. Si...

Ausführliche Beschreibung

Gespeichert in:
Bibliographische Detailangaben
1. Verfasser: Zemanovičová, Daniela
Weitere Verfasser: Banas, M.
Format: Buchkapitel
Sprache:Slowakisch
Schlagworte:
Tags: Tag hinzufügen
Keine Tags, Fügen Sie das erste Tag hinzu!

MARC

LEADER 00000naa a2200000 4500
001 r013590
005 20220928112748.7
041 0 |a slo 
044 |a SK 
245 1 0 |a Kontrola fúzií.  |c Daniela Zemanovičová, M. Banas 
520 |a Skúmanie problému, do akej miery môže nadobúdanie akcií podliehať kontrole Protimonopolného úradu SR v rámci privatizácie a aktivity IPF a investičných spoločností. Fúzia z hľadiska legislatívy. Kontrola a strata nezávislosti podniku, kto kontroluje. Hranice podielu. Užitočná konzultácia s PÚ SR. Sila fondov a spoločnosti. 
610 2 0 |a fúzie 
610 2 0 |a kontrola 
610 2 0 |a Protimonopolný úrad SR Bratislava 
610 2 0 |a spoločnosti investičné 
610 2 0 |a IPF 
610 2 0 |a legislatíva 
100 1 |a Zemanovičová, Daniela 
700 1 |a Banas, M.